| 000 | 00669cam a2200253 4500 | ||
|---|---|---|---|
| 001 | J3349 | ||
| 008 | 090401t1995 xxu||||| |||| 00| 0 eng d | ||
| 035 | _a(Sirsi) u54573 | ||
| 041 | _aeng | ||
| 050 | _a634.92 | ||
| 110 |
_aInvestment Property Databank _92288 |
||
| 245 | _aIPD forestry index (1995). | ||
| 260 |
_aLondon _bInvestment Property Databank _c1995 |
||
| 300 | _a1 folded sheet(6p.) ; 30cm. | ||
| 350 | _a0 | ||
| 650 | _aFORESTRY INDEX | ||
| 650 | _aINDICES | ||
| 650 | _aINVESTMENT | ||
| 650 | _aTIMBER PRICES | ||
| 690 | _aRURAL PRACTICE | ||
| 710 |
_aForestry Industry Committee of Great Britain _9489 |
||
| 942 | _n0 | ||
| 948 | _c04/03/1997 | ||
| 999 |
_c93485 _d93485 |
||